00413nam a2200157 a 450000100060000000300090000600800410001502000150005604000280007108200180009910000260011724500280014326000470017130000110021865000260022916167CO-ViMGA141112s2004 ck r 000 u spa d a9588061695 aCO-ViMGAbspacCO-ViMGA04aCo868.6 C156l1 aCano Gaviria, Ricardo10aUna lección de abismo aBarcelona (España) : bAlfaguara, c2001 a252.p.14aLITERATURA COLOMBIANA